Lizards : (Record no. 8842)

MARC details
000 -LEADER
fixed length control field 00888nam a22002777a 4500
001 - CONTROL NUMBER
control field 8842
003 - CONTROL NUMBER IDENTIFIER
control field FISKH
005 - DATE AND TIME OF LATEST TRANSACTION
control field 20251022155958.0
008 - FIXED-LENGTH DATA ELEMENTS--GENERAL INFORMATION
fixed length control field 251022b cb ||||| |||| 00| 0 eng d
020 ## - INTERNATIONAL STANDARD BOOK NUMBER
International Standard Book Number 040296004719
040 ## - CATALOGING SOURCE
Original cataloging agency FISKH
Language of cataloging eng
Transcribing agency FISKH
Modifying agency FISKH
050 ## - LIBRARY OF CONGRESS CALL NUMBER
Classification number QL666.L2 M358
082 ## - DEWEY DECIMAL CLASSIFICATION NUMBER
Classification number 597.95
100 ## - MAIN ENTRY--PERSONAL NAME
Personal name Matero, Robert
Relator term Author
245 ## - TITLE STATEMENT
Title Lizards :
Remainder of title Eyes on nature /
Statement of responsibility, etc. Written by Robert Matero
260 ## - PUBLICATION, DISTRIBUTION, ETC.
Place of publication, distribution, etc. Chicago :
Name of publisher, distributor, etc. Kidsbook
Date of publication, distribution, etc. 1997
300 ## - PHYSICAL DESCRIPTION
Extent 29 pages :
Other physical details color illustrations ;
Dimensions 24 cm
505 ## - FORMATTED CONTENTS NOTE
Formatted contents note G<br/>
520 ## - SUMMARY, ETC.
Summary, etc. Describes, in brief text and illustrations, the physical characteristics, habits, and natural environment of various species of lizards.
521 8# - TARGET AUDIENCE NOTE
Target audience note 400<br/>
Source Lexile estimate<br/>
521 8# - TARGET AUDIENCE NOTE
Target audience note G<br/>
Source Raz-Plus<br/>
650 ## - SUBJECT ADDED ENTRY--TOPICAL TERM
Topical term or geographic name entry element Eyes on nature
Form subdivision Animals
700 ## - ADDED ENTRY--PERSONAL NAME
Personal name Makowski, Robin Lee
Relator term Illustrator
942 ## - ADDED ENTRY ELEMENTS (KOHA)
Source of classification or shelving scheme Dewey Decimal Classification
Koha item type Books
Suppress in OPAC No
Holdings
Withdrawn status Lost status Source of classification or shelving scheme Damaged status Not for loan Home library Current library Shelving location Date acquired Total Checkouts Full call number Barcode Date last seen Copy number Price effective from Koha item type
    Dewey Decimal Classification     Footprints International School Library Network Toul Tom Poung Campus Footprints International School Library Network Toul Tom Poung Campus TTP Primary Dark Blue Bookshelves 10/22/2025   MAT 597.95 QL666.L2 M358 FIS01470 10/22/2025 1 10/22/2025 Books